Nutrition

Bibliographic Details
Main Author: Insel, Paul
Other Authors: Ross, Don, Turner, R. Elaine
Format: Book
Published: Jones amd Bartlett , 2001
Subjects:

MARC

LEADER 00000cam a2200000 7i4500
001 0000010534
005 20050425.0
020 |a 0763708933 
040 |a INS 
090 0 0 |a QP141.   |b I63 2001 
100 1 |a Insel, Paul 
245 1 0 |a Nutrition   |c Paul Insel 
260 |a Jones amd Bartlett ,   |c 2001 
650 0 0 |a Nutrition 
700 1 |a Ross, Don 
700 1 |a Turner, R. Elaine 
999 |a 0000009562   |b BOOK   |c Open Shelf   |e Default branch